00320nam a2200109Ia 4500008004100000082000800041100001900049245002600068942000600094952009500100999001500195240331s9999 xx 000 0 und d bSIR aSiriwardena, R 0aSoviet Unianin udaivu cL 001040708LaWERCLbWERCLcSSCd2024-03-31l0o 335 SIRp2487r2024-03-31w2024-03-31yL c3584d3584